Международная научно-техническая конференция "Проблемы ресурсо- и энергосберегающих технологий в промышленности и АПК", 23-26 сентября 2014, Иваново (Запись № 11904965)
[ простой вид ]
| 000 -МАРКЕР | |
|---|---|
| контрольное поле | 02760nam1a2200397 i 4500 |
| 001 - ИДЕНТИФИКАТОР ЗАПИСИ | |
| контрольное поле | RU\NLR\BIBL_A\012436804 |
| 005 - ИДЕНТИФИКАТОР ВЕРСИИ | |
| контрольное поле | 20241101150228.0 |
| 035 ## - ДРУГИЕ СИСТЕМНЫЕ НОМЕРА | |
| Идентификатор записи | (NLR Aleph) 012436804 |
| 100 ## - ДАННЫЕ ОБЩЕЙ ОБРАБОТКИ | |
| Данные общей обработки | 20210121g20149999k y0rusy50 ca |
| 101 0# - ЯЗЫК РЕСУРСА | |
| Язык текста, звукозаписи и т.д. | русский |
| -- | английский |
| 102 ## - СТРАНА ПУБЛИКАЦИИ ИЛИ ПРОИЗВОДСТВА | |
| Страна публикации | Российская Федерация |
| 105 ## - ПОЛЕ КОДИРОВАННЫХ ДАННЫХ: ТЕКСТОВЫЕ МАТЕРИАЛЫ, МОНОГРАФИЧЕСКИЕ | |
| Кодированные данные о монографическом текстовом документе | ||||z|||1|||| |
| 181 #0 - ПОЛЕ КОДИРОВАННЫХ ДАННЫХ: ВИД СОДЕРЖАНИЯ | |
| Код вида содержания (ISBD) | i |
| Код характеристики содержания (ISBD) | axxe |
| 182 #0 - ПОЛЕ КОДИРОВАННЫХ ДАННЫХ: ТИП СРЕДСТВА | |
| Код типа средства (ISBD) | n - непосредственное |
| 200 1# - ЗАГЛАВИЕ И СВЕДЕНИЯ ОБ ОТВЕТСТВЕННОСТИ | |
| Основное заглавие | Международная научно-техническая конференция "Проблемы ресурсо- и энергосберегающих технологий в промышленности и АПК", 23-26 сентября 2014, Иваново |
| Сведения, относящиеся к заглавию | [ПРЭТ-2014] |
| -- | сборник трудов |
| Первые сведения об ответственности | Министерство образования и науки РФ [и др.] |
| 203 ## - ВИД СОДЕРЖАНИЯ И ТИП СРЕДСТВА | |
| Вид содержания | Текст |
| Дополнительные сведения об издании | визуальный |
| Тип средства | непосредственный |
| 210 ## - ПУБЛИКАЦИЯ, РАСПРОСТРАНЕНИЕ И ДР. | |
| Место издания, распространения и т.д. | Иваново |
| Имя издателя, распространителя и т. д. | Ивановский государственный химико-технологический университет |
| Дата издания, распространения и т.д. | 2014 |
| 215 ## - ФИЗИЧЕСКАЯ ХАРАКТЕРИСТИКА | |
| Размеры | 21 |
| 300 ## - ОБЩИЕ ПРИМЕЧАНИЯ | |
| Текст примечания | Описано по обл. |
| 300 ## - ОБЩИЕ ПРИМЕЧАНИЯ | |
| Текст примечания | Часть текста англ. |
| 606 1# - НАИМЕНОВАНИЕ ТЕМЫ КАК ПРЕДМЕТ | |
| Наименование темы | Химические производства |
| Формальный подзаголовок | Съезды, совещания и т.п |
| Тематический подзаголовок | Ресурсосберегающие технологии |
| Системный номер авторитетной/нормативной записи | 2397311 |
| Идентификатор авторитетной/нормативной записи | RU\NLR\AUTH\661429258 |
| 606 1# - НАИМЕНОВАНИЕ ТЕМЫ КАК ПРЕДМЕТ | |
| Наименование темы | Химические производства |
| Формальный подзаголовок | Съезды, совещания и т.п |
| Тематический подзаголовок | Энергосберегающие технологии |
| Системный номер авторитетной/нормативной записи | 2569750 |
| Идентификатор авторитетной/нормативной записи | RU\NLR\AUTH\661519668 |
| 606 1# - НАИМЕНОВАНИЕ ТЕМЫ КАК ПРЕДМЕТ | |
| Наименование темы | Пищевые предприятия |
| Формальный подзаголовок | Съезды, совещания и т.п |
| Тематический подзаголовок | Экономия электроэнергии |
| Системный номер авторитетной/нормативной записи | 2145200 |
| Идентификатор авторитетной/нормативной записи | RU\NLR\AUTH\661292498 |
| 606 1# - НАИМЕНОВАНИЕ ТЕМЫ КАК ПРЕДМЕТ | |
| Наименование темы | Пищевые продукты |
| Формальный подзаголовок | Съезды, совещания и т.п |
| Тематический подзаголовок | Производство |
| -- | Ресурсосберегающие технологии |
| Системный номер авторитетной/нормативной записи | 2573722 |
| Идентификатор авторитетной/нормативной записи | RU\NLR\AUTH\661521843 |
| 686 1# - ИНДЕКСЫ ДРУГИХ КЛАССИФИКАЦИЙ | |
| Индекс | Л11-642я431(0) |
| 686 1# - ИНДЕКСЫ ДРУГИХ КЛАССИФИКАЦИЙ | |
| Индекс | Л81-642я431(0) |
| 686 1# - ИНДЕКСЫ ДРУГИХ КЛАССИФИКАЦИЙ | |
| Индекс | Л10-420.7я431(0) |
| -- | Л80-420.7я431(0) |
| 710 12 - НАИМЕНОВАНИЕ ОРГАНИЗАЦИИ - ПЕРВИЧНАЯ ОТВЕТСТВЕННОСТЬ | |
| Начальный элемент ввода | "Проблемы ресурсо- и энергосберегающих технологий в промышленности и АПК", международная научно-техническая конференция |
| Место проведения временной организации | Иваново |
| Дата проведения временной организации | 2014 |
| Системный номер авторитетной/нормативной записи | 732076 |
| Идентификатор авторитетной/нормативной записи | RU\NLR\AUTH\880534763 |
| 852 ## - МЕСТОНАХОЖДЕНИЕ И ШИФР ХРАНЕНИЯ | |
| Идентификатор организации | NLR |
| Шифр хранения (Call Number) | 2021-3/772 |
| 942 ## - ДОПОЛНИТЕЛЬНЫЕ ЭЛЕМЕНТЫ ЗАПИСИ (АБИС) | |
| Тип экземпляра АБИС | Книга |
| 980 ## - КОЛЛЕКЦИЯ | |
| Название коллекции | НБР |
Нет доступных экземпляров.